LEADER 04536njm a2201021 a 4500
001 000453685
003 CZ BrMZK
005 20220429115932.0
008 010907s1999 xr f cze d
028 0 3 |a 493152 4  |b Sony Music Bonton 
040 |a BOA001  |b cze 
080 |a 784.4"196/199"(086.7)  |2 MRF 
245 0 0 |a Milování za svítání  |h [zvukový záznam].  |n [1] 
246 3 3 |a Když muž se ženou snídá 
246 3 3 |a Lásko má, já stůňu 
246 3 3 |a Lásko... 
246 3 3 |a Milujem se čím dál víc 
246 3 3 |a Mží ti do vlasů 
246 3 3 |a Máš chuť majoránky 
246 3 3 |a Noc touhu kolébá 
246 3 3 |a Pojď se mnou, lásko má 
246 3 3 |a S písní lesů, vod a strání 
246 3 3 |a Snad jsem to zavinil já 
246 3 3 |a Taková normální 
246 3 3 |a Všichni jdou za láskou 
246 3 3 |a Víc mechtěl by snad ani d'Artagnan 
246 3 3 |a Za všechny trable může láska 
246 3 3 |a Zatím, co ty spíš 
246 3 3 |a Šípková Růženka 
246 3 3 |a Až se ti jednou bude zdát 
246 3 3 |a Bláznova ukolébavka 
246 3 3 |a Chci tě líbat 
246 3 3 |a Jednoho dne se vrátíš 
260 |a Praha :  |b Sony Music Bonton,  |c p1999 
300 |a 1 MC +  |e 1 složený list. 
306 |a 011301 
500 |a Nahr. neuv 
500 |a Durata 73:01 
505 2 |a Jednoho dne se vrátíš, Lásko..., Bláznova ukolébavka ... [et al.] 
511 0 |a Věra Špinarová, zpěv; Marie Rottrová, zpěv; Petr Kotvald, zpěv ... [et al.]. Ostravský rozhlasový orchestr, dir. Pavel Staněk; Plameňáci; Trik ... [et al.] 
653 0 |a populární hudba  |a populární písně 
700 1 |a Gott, Karel,  |d 1939-2019  |7 jk01032549  |4 prf 
700 1 |a Hála, Jan,  |d 1956-  |7 jn19990209225 
700 1 |a Kotvald, Petr,  |d 1959-  |7 jn20000401435  |4 prf 
700 1 |a Kubišová, Marta,  |d 1942-  |7 jn19990209439  |4 prf 
700 1 |a Matuška, Waldemar,  |d 1932-2009  |7 jk01080863  |4 prf 
700 1 |a Neckář, Václav,  |d 1943-  |7 jn19990209576  |4 prf 
700 1 |a Novák, Petr,  |d 1945-1997  |7 jn19990218076  |4 prf 
700 1 |a Olmerová, Eva,  |d 1934-1993  |7 jn19990209613  |4 prf 
700 1 |a Rezek, Petr,  |d 1942-  |7 xx0023915  |4 prf 
700 1 |a Rottrová, Marie,  |d 1941-  |7 jn19990209724  |4 prf 
700 1 |a Schelinger, Jiří,  |d 1951-1981  |7 jn19990209752  |4 prf 
700 1 |a Smolík, Jakub,  |d 1959-  |7 mzk2003187009  |4 prf 
700 1 |a Staněk, Pavel,  |d 1927-2025  |7 jn19990209792  |4 cnd 
700 1 |a Vobruba, Josef,  |d 1932-1982  |7 jn19990010024  |4 cnd 
700 1 |a Vondráčková, Helena,  |d 1947-  |7 jn19990210804  |4 prf 
700 1 |a Wajsarová, Věra,  |d 1952-  |7 pna2008482412  |4 prf 
700 1 |a Zich, Karel,  |d 1949-2004  |7 jn19981002441  |4 wfw 
700 1 |a Šmíd, Vojtěch,  |c zpěvák  |4 prf 
700 1 |a Špinarová, Věra,  |d 1951-2017  |7 jn19990209882  |4 prf 
700 1 |a Štaidl, Ladislav,  |d 1945-2021  |7 jn20000402876  |4 prf 
700 1 |a Černý, Miroslav,  |d 1937-  |7 jn19990209124  |4 prf 
700 1 |a Dydovič, Pavel  |7 xx0133902  |4 prf 
710 2 |a Country Beat Jiřího Brabce (hudební skupina)  |7 mzk2003198791 
710 2 |a Flop (hudební skupina)  |7 ko2002152624  |4 prf 
710 2 |a Horká linka (hudební skupina)  |7 xx0028723  |4 prf 
710 2 |a Kardinálové Zdeňka Merty (hudební skupina)  |7 ko2003164635  |4 prf 
710 2 |a Kühnův smíšený sbor  |7 ko2003164871  |4 prf 
710 2 |a Maximum Petra Hanniga (hudební skupina)  |7 xx0028453  |4 prf 
710 2 |a Modi (hudební skupina) 
710 2 |a Olympic (hudební skupina)  |7 kn20020522005  |4 prf 
710 2 |a Orchestr Karla Krautgartnera  |7 ko2003171956  |4 prf 
710 2 |a Orchestr Ladislava Štaidla  |7 ko2003171954  |4 prf 
710 2 |a Orchestr Václava Zahradníka  |7 ko2003171958  |4 prf 
710 2 |a Ostravský rozhlasový orchestr  |7 ko2004245952  |4 prf 
710 2 |a Plameňáci (hudební skupina)  |7 ko20010091978  |4 prf 
710 2 |a Sbor Lubomíra Pánka  |7 ko2001100004  |4 prf 
710 2 |a Skupina Bohuslava Jandy  |7 kn20010710304  |4 prf 
710 2 |a Skupina Františka Ringo Čecha  |7 xx0026074 
710 2 |a Studiová skupina Michaela Kocába  |7 mzk2008451487  |4 prf 
710 2 |a Taneční orchestr Československého rozhlasu Praha  |7 ko2002102437  |4 prf 
710 2 |a Trik (hudební skupina)  |4 prf 
710 2 |a B-Sides (hudební skupina)  |7 ko2002159712 
710 2 |a Bacily (hudební skupina)  |7 ko2002150861  |4 prf 
910 |a BOA001  |b KZ-0007.927,1 
964 |a Hudba populární  |z stol.20.,léta 60.-90.  |x MC 
990 |a AV 
996 6 |b 261H008508  |c KZ-0007.927,1  |l MZK  |r Sklad / do 24 hodin  |n 0  |p p.v.  |w 000453685  |u 000010  |a 1  |e BOA001  |j MZK50  |s P